| 000 | 01366nam0a2200349 4500 | ||
|---|---|---|---|
| 001 | RU\NLR\BIBL_A\011365624 | ||
| 005 | 20240922002930.0 | ||
| 010 |
_a9785917594859 _93000 |
||
| 021 |
_aRU _b2017-17904 _91318 |
||
| 035 | _a(RuMoRGB)008823207 | ||
| 035 | _a(NLR Aleph) 011365624 | ||
| 090 |
_a11322930 _c11322930 |
||
| 100 | _a20170412d2017 u y0rusy50 ca | ||
| 101 | 1 |
_arus _cger |
|
| 102 | _aRU | ||
| 105 | _ay z 000ay | ||
| 200 | 1 |
_aПо ту сторону синей границы _e[для старшего школьного возраста] _fДорит Линке _gперевод с немецкого Веры Комаровой |
|
| 210 |
_aМосква _cСамокат _d2017 |
||
| 215 |
_a371, [1] с. _d20 |
||
| 225 | 1 | _aСерия Недетские книжки | |
| 300 | _aЗагл. и авт. ориг.: Jenseits der blauen Grenze / Dorit Linke | ||
| 333 | _a12+ | ||
| 454 | 0 |
_12001#$aJenseits der blauen Grenze _1700#1$aLinke$bD.$f1971-$gDorit _tJenseits der blauen Grenze _aLinke, Dorit (1971-) |
|
| 686 |
_aШ9(2)72(4Ф) _2rubbk |
||
| 686 | 0 | _aШ9(4Г)62-4 | |
| 700 | 1 |
_7ca _8rus _aЛинке _bД. _f1971- _gДорит _9172545 _3RU\NLR\AUTH\770172596 |
|
| 942 | _cBOOK | ||
| 980 | _aNBR | ||